00337nam a2200133Ia 4500008004100000041000800041082001500049100002100064245003800085260003900123300001500162365000700177650001900184210719s1879 xx 000 0 und d aeng a821.8 COWP aCOWPER (William) aPoetical works of William Cowper. aLondonbMacmillan & Co. Ltd.c1879 alxxiii,536 cRs aEnglish Poetry